000 00717nam a22002417a 4500
003 dpl
005 20180525135237.0
008 180525b xxu||||| |||| 00| 0 eng d0
010 _aA-822436
020 _c00.00
_a8120718046
035 _aA-822436
037 _bCen Lib/Ret
040 _aDPL
_bEN
_c0
082 _a929.44
_bBAB
110 _aNew Delhi.Sterling Publishers
_9100130
245 _aBaby names :
_bgirls/
260 _aNew Delhi
_bSterling Publishers
_c1996
270 _aL-10, Green Park Extension
_bNew Delhi
_e110016
300 _a172p.
_c18cm(Hb)
650 _aNames, Personal -- Dictionaries.
_9100131
650 _aNames, Personal.
_938784
942 _2ddc
_cEN
_h929.44
_mBAB
999 _c152282
_d152282